Hydrologický operačný viacúčelový podprogram HOMS

Bibliographic Details
Main Author: Martinka, Karol (Author)
Format: Article
Language:Slovak

MARC

LEADER 00000nab a2200000uu 4500
001 vtls011147828
003 SK-MaSNL
005 20260303104510.0
008 230121|1982 xo |||||||||||||||||slo|
015 |a SNBRB 
035 |a (urnnbn)urn:nbn:sk:snk:ar-a09w65 
035 |a (uuid)7e2af07a-90a2-4597-b0cc-7c4e8cdfe4d6 
035 |a urn:nbn:sk:snk-abay2t 
040 |a SNKBUCL  |b slo  |c SNKBUCL  |e AACR2 
041 0 |a slo 
044 |a xo  |c SK 
100 1 |a Martinka, Karol  |4 aut  |9 584120 
245 1 0 |a Hydrologický operačný viacúčelový podprogram HOMS  |c Karol Martinka 
773 0 |t Vodohospodársky spravodajca  |g Roč. 25, č. 2 (1982), s. [71]-95 
954 |a odborná, vedecká literatúra pôvodná (slovenská)  |2 lita 
958 |a OND 
958 |a EUIPO 
958 |a article14 
999 |c 1856921  |d 1858851